=LDR 00000nam 2200000 4500 =001 INLIS000000000021005 =005 20130612115915 =008 ***********************************Ind** =035 ##$$0010-061300000021005 =041 ##$$a Ind =082 ##$$a 530.7 =090 ##$$a 530.7, Had a =100 ##$$a Hadiat =245 ##$$a Alam sekitar kita 3, IPA untuk SD kelas 5,6, Hadiat =260 ##$$a 1997 $b Jakarta =300 ##$$a xiv, 122 hlm, ilus, 29 cm =650 ##$$a Fisika =850 ##$$a NBPNMAT